| 000 | 01350nam0a2200349 4500 | ||
|---|---|---|---|
| 001 | RU\NLR\bibl\1987289 | ||
| 005 | 20260408162312.0 | ||
| 010 |
_a978-5-4439-0207-4 _9800 |
||
| 021 |
_aRU _b2012-97994 _97245 |
||
| 035 | _a(NLR Aleph) 001975880 | ||
| 090 |
_a4020876 _c4020876 |
||
| 100 | _a20130116d2013 u y0rusy50 ca | ||
| 101 | 1 |
_arus _ceng |
|
| 102 | _aRU | ||
| 105 | _aa ||||||||| | ||
| 200 | 1 |
_aСтабильные гомотопии и обобщенные гомологии _fДж. Ф. Адамс _gпер. с англ. под ред. Д. Каледина с добавлениями А. Хаттори и В.М. Бухштабера |
|
| 210 |
_aМосква _cИзд-во МЦНМО _d2013 [т.е. 2012] |
||
| 215 |
_a432 с. _cил. _d22 |
||
| 300 | _aКн. фактически изд. в 2012 г. | ||
| 320 | _aБиблиогр.: с. 10 (13 назв.), 428-432 (90 назв.) и в подстроч. примеч. | ||
| 606 | 1 |
_aГомотопия _91309716 _3RU\NLR\auth\66226501 |
|
| 606 |
_aГомологии (мат.) _3RU\NLR\auth\66342069 _9929688 |
||
| 686 | _aВ182.4 | ||
| 686 | _aВ152.9 | ||
| 686 | _aВ182.31 | ||
| 700 | 1 |
_aАдамс _bДж. Ф. _gДжон Фрэнк _4070 |
|
| 801 | 0 |
_aRU _bNLR _c20130116 _gRCR |
|
| 801 | 1 |
_aRU _bNLR _c20130116 |
|
| 942 | _cBOOK | ||
| 980 | _aNBR | ||
| 980 | _aNB | ||